00425nam a22001097a 4500008004100000100003100041245001800072260002000090300003700110520014800147773002000295230626b ||||| |||| 00| 0 eng d aShagun and Mishra, Vivek  aSeed trouble  aDown to Earth  a31(22), Apr-1-15, 2023: p.22-24  aA increase number of days with extreme temperatures or rain has coursed to decline in quality and size of seeds across India. – Reproduced  aDown to Earth